Luật an toàn thực phẩm : Quy định mới về điều kiện an toàn và kinh doanh thực phẩm dành cho các cơ quan doanh nghiệp và hộ kinh doanh
Nội dung cuốn sách gồm: luật an toàn thực phẩm và văn bản hướng dẫn thi hành; quy định xử phạt vi phạm hành chính về an toàn thực phẩm; tăng cường quản lý của nhà nước về an toàn thực phẩm; quy trình thanh tra, kiểm tra, giám sát chất lư...
সংরক্ষণ করুন:
| অন্যান্য লেখক: | |
|---|---|
| বিন্যাস: | গ্রন্থ |
| ভাষা: | Vietnamese |
| প্রকাশিত: |
H.
Lao động
2019
|
| বিষয়গুলি: | |
| ট্যাগগুলো: |
ট্যাগ যুক্ত করুন
কোনো ট্যাগ নেই, প্রথমজন হিসাবে ট্যাগ করুন!
|
| Thư viện lưu trữ: | Thư viện Trường Đại học Nam Cần Thơ |
|---|
| LEADER | 01464nam a22002057a 4500 | ||
|---|---|---|---|
| 001 | NCT_80619 | ||
| 008 | 200609b xxu||||| |||| 00| 0 vie d | ||
| 999 | |c 3955 |d 3955 | ||
| 020 | |a 9786049815652 |c 450000 | ||
| 082 | 0 | 4 | |2 23rd ed. |a 344.5970423 |b L504A |
| 245 | 0 | 0 | |a Luật an toàn thực phẩm : |b Quy định mới về điều kiện an toàn và kinh doanh thực phẩm dành cho các cơ quan doanh nghiệp và hộ kinh doanh |c Vũ Hoàng Uyên (Hệ thống) |
| 260 | |a H. |b Lao động |c 2019 | ||
| 300 | |a 383 tr. |c 28cm | ||
| 520 | 3 | |a Nội dung cuốn sách gồm: luật an toàn thực phẩm và văn bản hướng dẫn thi hành; quy định xử phạt vi phạm hành chính về an toàn thực phẩm; tăng cường quản lý của nhà nước về an toàn thực phẩm; quy trình thanh tra, kiểm tra, giám sát chất lượng an toàn thực phẩm;... | |
| 653 | |a Luật học | ||
| 700 | 1 | |a Vũ Hoàng Uyên |e Hệ thống | |
| 942 | |2 ddc |c BK | ||
| 952 | |0 0 |1 0 |2 ddc |4 0 |6 344_597042300000000_L504A |7 0 |9 19714 |a 000001 |b 000001 |d 2020-06-09 |o 344.5970423 L504A |p MD.15899 |r 2020-06-09 |v 450000.00 |w 2020-06-09 |y BK | ||
| 952 | |0 0 |1 0 |2 ddc |4 0 |6 344_597042300000000_L504A |7 0 |9 19715 |a 000001 |b 000001 |d 2020-06-09 |o 344.5970423 L504A |p MD.15900 |r 2020-06-09 |v 450000.00 |w 2020-06-09 |y BK | ||
| 980 | |a Thư viện Trường Đại học Nam Cần Thơ | ||


